[Event "Világbajnokság"]
[Site "?"]
[Date "2007.??.??"]
[Round "2"]
[White "Aronjan, L."]
[Black "Anand, V."]
[Result "0-1"]
[WhiteElo "2750"]
[BlackElo "2792"]
[PlyCount "82"]

1. d4 Nf6 2. c4 e6 3. Nf3 d5 4. Nc3 c6 5. Bg5 h6 6. Bh4 dxc4 7. e4 g5 8. Bg3 b5
9. Ne5 h5 {Mainzban, a Grenkeleasing rapidversenyen az üzbég exvilágbajnok,
Rusztam Kaszimdzsanov ellen Vishy} (9... Bg7 10. h4 Nfd7 11. hxg5 hxg5 12.
Rxh8+ Bxh8 13. Qh5 Bxe5 14. Bxe5 Nxe5 15. Qh8+ Kd7 16. Qxe5 Bb7 {következett
és világossal számításba jött volna 17.d5! Érthetõen a világranglistát vezetõ
Anand nem akarta Mainzban kijátszani a vb-re elõkészített varit.}) 10. h4 g4
11. Be2 Bb7 12. O-O Nbd7 13. Qc2 Nxe5 14. Bxe5 Bg7 15. Rad1 O-O 16. Bg3 Nd7 17.
f3 c5 $1 {A 17 lépésre felhasznált gondolkodási idõ azt sejtette, hogy
Aronjant meglepte Anand választása, a 17...c5 újtásra alaposan elgondolkodott.
Anand szekundánsa, a dán Peter Heine Nielsen a New in Chess holland újságban
elárulta, hogy  a döntõ elõtt pár nappa, már Mexikóban nézték a változatot, és
számítógépes program sugallta ezt a húzást. Ellenõrizték és játszhatónak
ítélték.} 18. dxc5 {Aronjannak nem tetszett a} (18. Nxb5 cxd4 19. Nxd4 Qb6 20.
Bf2 g3 $1 21. Be3 Qd8 {folytatás, hiszen} 22. Bg5 $2 {nagy hiba} ({A jobb} 22.
Rfe1 {-re} Rc8 23. Bg5 Qb6 {jöhetett volna.}) 22... Bxd4+ 23. Rxd4 Qb6 24. Be3
e5 {miatt. Az örmény nagymester kacérkodott a}) (18. d5 {ötlettel is, de} Be5
19. f4 Bd4+ {változat láttán elvetette. Sötét stabilizálta volna
királyszárnyát, és  g3-on a futó helyzete nem éppen édeni.}) 18... Qe7 $1 {A
sötét terv lényege.A vezér h4 gyalog felé is kacsintgat.} 19. Kh1 $6 {Aronjan
hosszasan tûnõdött, de nem vállalt fonalas folytatást.} (19. Bd6 Qxh4 20. g3
Qh3 21. Rf2 Ne5 $1 {és a sötét vezért nem lehet elfogni, világos vesztésre
állna.}) ({A legjobbnak} 19. Rf2 {tûnik.}) (19. fxg4 Qxc5+ 20. Bf2 Qc6 21. gxh5
Ne5 {A változat tipikus állásához vezetne. Világosnak gyalogelõnye van, de a
sötét haderõ aktivitása elegendõ ellenértéket ad.}) (19. Rd6 a6 20. c6 Bxc6 21.
Rxc6 Ne5 22. Rb6 Qa7 23. Bf2 g3 24. Be3 Qe7 25. Rd1 Qxh4 26. f4 Bh6 27. Nd5 Ng4
28. Bxg4 hxg4 {is sötétre elõnyös.}) 19... a6 20. a4 {Aronjan jelentõs
idõhátrányba került.} Bc6 21. Nd5 $6 {Anand hibáztatta és} (21. Rd6 Be5 22.
Rxd7 Bxd7 23. Bxe5 Qxh4+ 24. Kg1 g3 25. Bxg3 Qxg3 {sötét elõnyével.}) (21. axb5
axb5 22. Nd5 exd5 23. exd5 Be5 24. f4 Bg7 25. dxc6 Nf6 {is sötétre kedvezõ.}) (
21. fxg4 $1 hxg4 22. Nd5 exd5 23. exd5 Nxc5 24. dxc6 Ne4 {folytatást javasolta.
}) 21... exd5 {Anand gyorsan döntött.} 22. exd5 Be5 $1 23. f4 Bg7 24. dxc6 {
Gondjai vannak világosnak a} (24. Rfe1 Qxc5 25. dxc6 Qxc6 26. Bd3 (26. b3 Nc5
27. axb5 axb5 28. bxc4 Ne4 29. Kh2 Nxg3 30. Kxg3 Ra3+) 26... Nf6 27. axb5 axb5
28. b3 c3 29. Bf2 Rfd8 {változatban is.}) 24... Nxc5 25. Rd5 Ne4 26. Be1 Qe6 $1
27. Rxh5 {Az utolsó esélyt} (27. axb5 Qxd5 28. Bxc4 Qd4 29. Bd3 f5 30. Bxe4
fxe4 31. Qb3+ Kh7 32. b6 Rac8 33. b7 Rxc6 34. b8=Q Rxb8 35. Qxb8 Qc4 36. Rg1 {
jelentette volna, de sötét elõnyéhez kétség sem férhet.}) 27... f5 $1 {A
világos bástya kelepcébe került.} 28. Kh2 Rac8 29. Bb4 Rfe8 30. axb5 axb5 31.
Re1 Qf7 32. Rg5 Nxg5 33. fxg5 Rxc6 34. Bf1 Rxe1 35. Bxe1 Re6 36. Bc3 Qc7+ 37.
g3 Re3 38. Qg2 Bxc3 39. bxc3 f4 40. Qa8+ Kg7 41. Qa6 fxg3+ 0-1